01200nam a2200253 a 4500001001000000003000400010005001700014008004100031040002500072082001500097100004000112245018700152260006600339300002000405500012700425500007400552590002600626650002700652651002100679910003700700942001300737952017900750999001700929000030893OSt20260414135148.0110603s1944 dr 000 0 spa d aDO-SdBNPbspacBNPHU 4a327bS211p1 aSánchez Lustrino, Gilberto93780013aEl panamericanismo /cGilberto Sánchez Lustrino.bconferencia pronunciada el 14 de abril del 1944, día de las Américas, en el paraninfo de la Universidad de Santo Domingo. aCiudad Trujillo, República Dominicana :bLa Opinion,c1944. a27 p. ;c23 cm. aConferencia pronunciada el 14 de abril del 1944, Día de las Américas, en Paraninfo de la Universidad de Santo Domingo. aIncluye referencias bibliográficas y notas al pie de las páginas. aInventariado, 2018/LP 0aPanamericanismo 97149 0aAmérica 97840 aValidado. Control de calidad MFF 2ddccLF1 00102ddc50718RVaPDbPDcCTd2011-06-03iLF1l0o327. 8 S211pp30893-10r2020-06-25w2020-06-25y1zPerteneció a la biblioteca personal de Carlos Larrazabal Blanco c30385d30385